| 000 | 03866nam a2200301 4500 | ||
|---|---|---|---|
| 003 | EC-UNACH | ||
| 005 | 20251106111247.0 | ||
| 006 | s||||gr|||| 00| 00 | ||
| 008 | 150116t9999 mx r gr 000 0 spa d | ||
| 020 | _a958-648-422-X | ||
| 040 |
_aEC-UNACH _cEC-UNACH |
||
| 041 | _aspa | ||
| 082 | 0 | 4 |
_223 _a657.42 _bL017952 |
| 110 | _aEco ediciones | ||
| 245 | _aContabilidad de costos | ||
| 250 | _aPrimera edición | ||
| 264 |
_aColombia _bEco ediciones _c1994 |
||
| 300 | _a424 | ||
| 505 | _aContabilidad de costos; Pagina Legal; Tabla de Contenido; Prefacio; 1. Contabilidad de costos - Conceptos básicos; Competencias; el ente económico; Contabilidad financiera, contabilidad gerencial y contabilidad de costos; antecedentes de la contabilidad de costos; naturaleza de los costos de producción; Definición de contabilidad de costos; Características de la contabilidad de costos; objetivos de la contabilidad de costos; el papel del contador de costos; elementos del costo de producción; Materias primas; Mano de obra; Costos indirectos; Clasificación de los costos de producción Costos del producto y costos del periodo Costo total y costo unitario; Costos variables, costos fijos y costos mixtos; Costos directos y costos indirectos; Costos controlables y costos no controlables; Costos históricos y costos predeterminados; Costo de producción y costos de operación; Estados financieros de empresas de manufactura; Balance general; estado del costo de ventas; estado de resultados; Flujo de los costos de producción; Flujo de producción; Sistemas de costos; Sistema de costos por órdenes de trabajo; Sistema de costos por procesos; Hoja de costos Características del sistema de costos por órdenes de trabajo Ciclo de la contabilidad de costos; Resumen; Glosario; Preguntas de autoevaluación; ejercicios y problemas de evaluación; 2. Costeo por órdenes de trabajo - Materias primas; Competencias; Definición de inventarios; Materias primas; Clasificación de las materias primas; Diagrama de flujo de datos; Control de los inventarios; Reserva de materias primas; Compra de materias primas; Solicitud de compra de materias primas; Orden de compra; Recepción de materias primas; devolución de materias primas al proveedor almacenamiento de materias primas orden de trabajo; Consumo de materias primas; devolución de materias primas al almacén; Determinación del tamaño optimo del inventario de materias primas; Punto del nuevo pedido; Contabilización de los inventarios; Sistemas de inventario; Sistema permanente; Sistema periódico; Compras de materias primas; Transporte, fletes y acarreos; impuesto sobre las ventas; Retención en la fuente; descuento comercial; Descuento financiero; devolución de materias primas al proveedor; Consumo de materias primas; devolución de materias primas al almacén Provisiones para inventarios Métodos de valuación del inventario de materias primas; PEPS - Primeros en entrar, primeros en salir; UEPS - Últimos en entrar, primeros en salir; Promedio ponderado; Identificación especifica; Resumen ; Glosario; Preguntas de autoevaluación; ejercicios y problemas de evaluación; 3. Costeo por órdenes de trabajo - Mano de obra; Competencias; naturaleza de la mano de obra; Pagos laborales; Salario; Jornada de trabajo; Trabajo diurno o nocturno 4- Costeo por orden de trabajo - Costos indirectos 5- División por departamentos de los costos indirectos 6- Costeo por procesos 7- Costos conjuntos - Coproductos y subproductos . | ||
| 650 | _aCONTABILIDAD DE COSTOS CONCEPTOS BASICOS | ||
| 650 | _aENTE ECONOMICO | ||
| 650 | _aCONTABILIDAD FINACIERA , CONTABILIDAD GERENCIAL, CONTABILIDAD DE COSTOS | ||
| 700 | _aGonzalo Sinisterra Valencia | ||
| 942 |
_2ddc _c1 |
||
| 999 | _c14146 | ||